| 000 | 00457nam a2200169Ia 4500 | ||
|---|---|---|---|
| 005 | 20250130000518.0 | ||
| 008 | 240331s9999 xx 000 0 und d | ||
| 020 | _a019563988x | ||
| 082 |
_bSIN _a954 |
||
| 100 | _aSinger,W | ||
| 245 | 0 |
_aCreating histories : _boral narratives and the politics of history making |
|
| 260 |
_aNew Delhi _bOxford University Press _c1997 |
||
| 300 | _axviii, 339 p ., | ||
| 650 | _aPolitical | ||
| 650 | _aSocial | ||
| 942 | _cL | ||
| 999 |
_c3506 _d3506 |
||